| 000 -LEADER |
| fixed length control field |
00786nam a2200265Ia 4500 |
| 001 - CONTROL NUMBER |
| control field |
18208 |
| 003 - CONTROL NUMBER IDENTIFIER |
| control field |
GE_BSU |
| 008 - FIXED-LENGTH DATA ELEMENTS--GENERAL INFORMATION |
| fixed length control field |
181216s||||||||xx |||||||||||||| ||und|| |
| 020 ## - INTERNATIONAL STANDARD BOOK NUMBER |
| International Standard Book Number |
978-1500971649 |
| 040 ## - CATALOGING SOURCE |
| Transcribing agency |
GE_BSU |
| 080 ## - UNIVERSAL DECIMAL CLASSIFICATION NUMBER |
| Universal Decimal Classification number |
005.93:640 |
| 100 ## - MAIN ENTRY--PERSONAL NAME |
| Personal name |
Manning, Nick. |
| 245 ## - TITLE STATEMENT |
| Title |
How to be a Tour Guide: The Essential Training Manual for Tour Managers and Tour Guides |
| 245 ## - TITLE STATEMENT |
| Statement of responsibility, etc. |
Kerin Ramirez (Illustrator) |
| 260 ## - PUBLICATION, DISTRIBUTION, ETC. |
| Place of publication, distribution, etc. |
USA |
| 260 ## - PUBLICATION, DISTRIBUTION, ETC. |
| Name of publisher, distributor, etc. |
Publishing Platform |
| 260 ## - PUBLICATION, DISTRIBUTION, ETC. |
| Date of publication, distribution, etc. |
2014 |
| 300 ## - PHYSICAL DESCRIPTION |
| Extent |
270 pages,23cm |
| 653 ## - INDEX TERM--UNCONTROLLED |
| Uncontrolled term |
How to be a Tour Guide |
| 653 ## - INDEX TERM--UNCONTROLLED |
| Uncontrolled term |
The Essential Training Manual for Tour Managers and Tour Guides |
| 653 ## - INDEX TERM--UNCONTROLLED |
| Uncontrolled term |
როგორი უნდა იყოს გიდი |
| 653 ## - INDEX TERM--UNCONTROLLED |
| Uncontrolled term |
ტურიზმი |
| 942 ## - ADDED ENTRY ELEMENTS (KOHA) |
| Koha item type |
წიგნი |